000 00471cam a22001457a 4500
008 180718b-- xxu||||| |||| 00| 0 eng d
082 _aA81x54 91/1/PT3B
100 _aCensus of India 1991
245 _aIndia: economic tables
260 _aDelhi
_bThe Controller of Publications
_c--
300 _a-v-
440 _aCensus of India 1991. Series-1, India. Part III-B, Series
500 _aContents: v.1. 1999. 585+p.;v.2. 1998. 577+p.
650 _aIndia - Economic surveys
999 _c488007
_d488007